000 00942cam a2200241 a 4500
001 000014323
005 20200929163556.0
008 920309s1991 cl 000 0 spa
020 _a980271108X
040 _aDO-SdBNP
_bspa
_cBNPHU
082 _a338.98
_bS161a
100 1 _aSalcedo G., José Joaquín.
_d1947-
_932309
245 1 0 _aAmérica Latina :
_binterrogante angustioso /
_cJosé Joaquín Salcedo G., Hernando Bernal Alarcón, Nohora Inés Gutiérrez S.
260 _aMiami :
_bPublicaciones Violeta,
_c1991.
300 _a288 p. :
_bil. ;
_c21 cm.
500 _aIncluye datos biográficos de los autores en las solapas
504 _aBibliográfia: p. 285-288
651 4 _aAmérica Latina
_xPolítica Economíca
_99438
651 4 _aAmérica Latina
_xPolítica Y Gobierno
_y1980-
_931493
700 1 _aBernal Alarcón, Hernando.
_932310
700 1 _aGutiérrez S., Nohora Inés.
_932311
910 _aValidado. Control de calidad MFF
999 _c13918
_d13918